| 000 | 00734nam a2200181Ia 4500 | ||
|---|---|---|---|
| 008 | 191130s2013##################000#0#tam## | ||
| 040 |
_aACL _cACL |
||
| 082 | _a641.5 KOU | ||
| 100 | _aகௌசல்யா அர்த்தநாரி | ||
| 245 |
_aவாருங்கள் விதம் விதமாக சமைக்கலாம் _cகௌசல்யா அர்த்தநாரி |
||
| 250 | _a1ம் பதிப்பு | ||
| 260 |
_aசென்னை _bஆனந்தன் புக் கம்பெனி _c2013 |
||
| 300 | _a144 p. : ill. ; 17 cm. | ||
| 650 | _aசமையற்கலை | ||
| 990 | _af34432e5ac100b4622b5664dc688266f | ||
| 991 | _a446215 | ||
| 999 |
_c337347 _d337347 |
||